000 00907nam a22003377a 4500
001 BR0501496
003 BR-BrBNA
005 20230928101855.0
007 ta
008 230509b bl.||||| |||| 00| 0 por d
040 _aBR-BrBNA
_bpor
_cBiblioteca Nacional de Agricultura
041 _a(Por)
072 _aF01
_b0600
090 _ 0600 BR0501496
100 1 _aMatos, F.A.C. de
110 1 _aEmpresa de Assistência Técnica e Extensão Rural do Distrito Federal, Brasília (Brasil)
245 1 _aPomar doméstico
250 1 _a2. ed.
260 3 _aBrasília, DF (Brasil):
_c1996.
300 _a34 p.
500 _a24 illus.
650 _aFRUTICULTURA
650 _aPOMAR
650 _aPRÁTICA CULTURAL
650 _aADUBAÇÃO
650 _aDOENÇA DE PLANTA
650 _aPRAGA DE PLANTA
650 _aCONTROLE BIOLÓGICO
909 _a202309
_bLucia
_c55
_dLucia Elande
942 _cBK
999 _c67999
_d67999